Báo cáo nghiên cứu trường hợp trường Đại Học Cần Thơ
Salvato in:
| Autore principale: | |
|---|---|
| Natura: | Libro |
| Lingua: | Undetermined |
| Pubblicazione: |
H.
Viện Nghiên cứu chiến lược và chính sách khoa học công nghệ
1999
|
| Soggetti: | |
| Tags: |
Aggiungi Tag
Nessun Tag, puoi essere il primo ad aggiungerne! !
|
| Thư viện lưu trữ: | Trung tâm Học liệu Trường Đại học Cần Thơ |
|---|
| LEADER | 00688nam a2200193Ia 4500 | ||
|---|---|---|---|
| 001 | CTU_51682 | ||
| 008 | 210402s9999 xx 000 0 und d | ||
| 082 | |a 378.1 | ||
| 082 | |b Ch561 | ||
| 100 | |a Lê Văn Chương | ||
| 245 | 0 | |a Báo cáo nghiên cứu trường hợp trường Đại Học Cần Thơ | |
| 245 | 0 | |c Lê Văn Chương và Tăng Thế Cường | |
| 260 | |a H. | ||
| 260 | |b Viện Nghiên cứu chiến lược và chính sách khoa học công nghệ | ||
| 260 | |c 1999 | ||
| 650 | |a Universities and colleges | ||
| 650 | |z Viet Nam,Can Tho | ||
| 904 | |i Minh | ||
| 980 | |a Trung tâm Học liệu Trường Đại học Cần Thơ | ||